| 000 | 00470nam a22001697a 4500 | ||
|---|---|---|---|
| 005 | 20251108164056.0 | ||
| 008 | 250721s1989 xx 000 0 ara d | ||
| 082 | 1 | 4 | _a210.76/محم |
| 100 | 1 | _aالغزالي، محمد | |
| 245 | 1 | 0 | _aمائة سؤال عن الإسلام / |
| 250 | _aط4 | ||
| 264 | 1 |
_aالقاهرة : _bدار ثابت للنشر والتوزيع، _c1989. |
|
| 300 | _a548ص. | ||
| 650 | 1 | 7 | _aالإسلام |
| 942 |
_2ddc _cBK |
||
| 999 |
_c2978 _d2978 |
||